00565nam a2200169Ia 450000500170000000800460001703700290006304000210009204100130011308400250012610000230015124500670017424500610024126000600030230000120036270000210037420250508153425.0008 250505s9999 xx 000 0 eng d aBooks to be hide in OPAC aFEDL bengcFEDL aeng2eng a370.947, UNI/OqFEDL aApanasewicz Nellie 0aSoviet education: A bibliography of english-language materials 0cUnited State Department of Health, Education and Welfare aWashington, USAbU.S. Government Printing Office c1964 avi,42p. a Rosen Seymour M